00719nam a2200157 i 450000100060000000300090000600700030001500800410001810000290005924502270008826000570031530000320037285200210040499900170042595201190044277371ES-MaACLt|041008s1902 gw ||||1| spa d1 aHaebler, Konrad.918791710aTipografía ibérica del siglo XV b: reproducción en facsímil de todos los carateres tipográficos empleados en España y Portugal hasta el año 1.500 / ccon notas críticas y biográficas por Conrado Haebler. aLa Haya ; aLeipzig : bKarl W. Hiersemmenn, c1902. a91 p., 87 lám. ; c37 cm. aES-MaACLjB-5529 c77371d77371 00104070aATENEOMbATENEOMcSPBd2008-01-17eSCl0oB-5529p1080952r2023-02-23 00:00:00w2023-02-23yMONOGRAFIA